000
00321pab a2200121 454500
008
180718b xxu||||| |||| 00| 0 eng d
100
_a
Kingshot, Sergeant Brain
245
_a
Do we need a graded response to violent situations?
650
_a
Law Enforcement
650
_a
Police
773
_a
Police Journal
909
_a
23162
999
_c
23162
_d
23162